000 01164cam a22002054a 4500
005 20250605164103.0
008 250528s ||||||||||||||||||||||||d
035 _a17614
020 _a9783319050287
040 _aGR-AtMCL
_bgre
_dGR-AtMCL
_eAACR2
245 1 _aBig Data and Internet of Things / A Roadmap for Smart Environments
260 _bSpringer,
_c2014
300 _a478
520 _aThis book presents current progress on challenges related to Big Data management by focusing on the particular challenges associated with context-aware-data-intensive applications and services. Foundations and Principles, Big Data Platforms for the Internet of Things, On RFID False Authentications, Fog Computing: A Platform for Internet of Things and Analytics, Advanced Models and Architectures, Toward Web Enhanced Building Automation Systems, Advanced Applications and Future Trends, Sustainability Data and Analytics in Cloud-Based M2M Systems, Social Networking Analysis, Leveraging Social Media and IoT to Bootstrap Smart Environments.
700 1 _aBessis Nik
_93798
700 1 _aDobre Ciprian
_93799
942 _cBK
999 _c3017
_d3017